Spinster

Na minha lista:
Detalhes bibliográficos
Autor principal: Ashton-Warner, Sylvia (Author)
Formato: Livro
Idioma:inglês
Publicado em: Nueva York Bantam Books 1961
Colecção:Bantam Fifty, 8
Assuntos:
Tags: Adicionar Tag
Sem tags, seja o primeiro a adicionar uma tag!

MARC

LEADER 00000nam a2200000 a 4500
001 UCQ2474
003 CL-VaPUC
008 980724e19610000US |||||||||||||||||eng|d
082 0 4 |a 813  |b ASH  |2 21 
100 0 |a Ashton-Warner, Sylvia  |e author  |9 416391 
245 1 0 |a Spinster 
300 |a 246 p 
942 |c BK 
945 |d 19980724 00:00:00  |a crobeson 
260 |a Nueva York  |b Bantam Books  |c 1961 
650 0 |a Novelas estadounidenses  |9 265217 
650 0 |a Literatura estadounidense  |9 317168 
583 |a last modification  |c 19980724 00:00:00  |k Rodrigo Vera 
490 0 |a Bantam Fifty, 8 
999 |c 273293  |d 273291 
952 |0 0  |1 0  |4 0  |6 813_000000000000000_ASH_1961  |7 0  |8 A  |9 308719  |a BIBEDU  |b BIBEDU  |d 2019-11-20  |i 1445944  |o 813 ASH 1961  |p 1445944  |r 2019-11-20  |w 2019-11-20  |y BK  |k LIT